|
|
|
แสดงรายละเอียดบรรณานุกรม |
|
|
Brief Record
: Get Marc (ISO 2709)
: E-mail record
: |
| LEADER : 00000nam 2200000uu 4500 | |||
| 001 13399129200 | |||
| 003 ULIB | |||
| 008 260511s2567||||th 000 0 tha d | |||
| 020 ^^ ^a9786162963063 | |||
| 060 ^^ ^aWQ100^bธ523น | |||
| 100 ^^ ^aธารางรัตน์ หาญประเสริฐพงษ์ | |||
| 245 ^^ ^aแนวทางการซักประวัติทางสูตินรีเวชวิทยาสำหรับแพทย์เวชปฏิบัติทั่วไป/^cธารางรัตน์ หาญประเสริฐพงษ์ | |||
| 245 ^O ^aB & GYN history taking for general practitioners | |||
| 260 ^^ ^aนครนายก : ^bภาควิชาสูติศาสตร์-นรีเวชวิทยา คณะแพทยศาสตร์ มหาวิทยาลัยศรีนครินทรวิโรฒ ,^c2567 | |||
| 300 ^^ ^a156 หน้า : ^bภาพประกอบ | |||
| 650 ^^ ^aนรีเวชวิทยา | |||
| 650 ^^ ^aสูติศาสตร์ | |||
| 650 ^ก ^aารซักประวัติผู้ป่วย | |||
| 999 ^aประนอม เกษจรัล | |||
| คุณยังไม่ได้ล็อกอิน คุณสามารถมีกิจกรรมร่วมกับเว็บไซต์ได้ แต่ต้องล็อกอินก่อน :: |
|
รายการสื่อสารสนเทศ |
| สถานะ | |||||
| 1. | หนังสือสำรอง สถานะ=หนังสือสำรอง | WQ100 ธ523น ฉ.1 Barcode: 012133 | ►หนังสือทั่วไป | บนชั้น | |
| 2. | วิทยาศาสตร์การแพทย์ และสุขภาพ | WQ100 ธ523น ฉ.2 Barcode: 012134 | ►หนังสือทั่วไป | บนชั้น | |
| 3. | วิทยาศาสตร์การแพทย์ และสุขภาพ | WQ100 ธ523น ฉ.3 Barcode: 012135 | ►หนังสือทั่วไป | บนชั้น | |
| 4. | วิทยาศาสตร์การแพทย์ และสุขภาพ | WQ100 ธ523น ฉ.4 Barcode: 012136 | ►หนังสือทั่วไป | บนชั้น | |
| 5. | วิทยาศาสตร์การแพทย์ และสุขภาพ | WQ100 ธ523น ฉ.5 Barcode: 012137 | ►หนังสือทั่วไป | บนชั้น | |
BibComment |
| คอมเมนท์ทรัพยากรรายการนี้ |
|
| |
Copyright 2026. Bcnsprnw @Library |
|